El tabaco : (Record no. 154451)

MARC details
000 -LEADER
campo de control de longitud fija 00885nam a2200193 i 4500
001 - NÚMERO DE CONTROL
campo de control 154451
003 - IDENTIFICADOR DE NÚMERO DE CONTROL
campo de control ES-MaACL
005 - FECHA Y HORA DE LA ÚLTIMA TRANSACCIÓN
campo de control 20230906205732.0
008 - DATOS DE LONGITUD FIJA--INFORMACIÓN GENERAL
campo de control de longitud fija 010702s1889 sp ad |||| | spa d
080 ## - NÚMERO DE LA CLASIFICACIÓN DECIMAL UNIVERSAL
Número de la Clasificación Decimal Universal 663.97
100 1# - ENTRADA PRINCIPAL--NOMBRE DE PERSONA
Nombre de persona Gómez Flores, Emilio.
9 (RLIN) 127690
245 13 - MENCIÓN DEL TÍTULO
Título El tabaco :
Resto del título descripción botánica, área geográfica, composición química, datos agronómicos, arte agrícola... /
Mención de responsabilidad, etc. por Emilio Gómez Flores.
260 ## - PUBLICACIÓN, DISTRIBUCIÓN, ETC.
Lugar de publicación, distribución, etc. Madrid :
Nombre del editor, distribuidor, etc. se halla de venta en las librerías de Gutenberg, Fe y Cuesta,
Fecha de publicación, distribución, etc. 1889 (
Fabricante Tip. de Manuel G. Hernández)
300 ## - DESCRIPCIÓN FÍSICA
Extensión 155 p. :
Otras características físicas il. ;
Dimensiones 23 cm.
530 ## - NOTA DISPONIBLE DE FORMULARIO FÍSICO ADICIONAL
Nota de formato físico adicional disponible Disponible en formato digital.
650 #4 - PUNTO DE ACCESO ADICIONAL DE MATERIA--TÉRMINO DE MATERIA
Término de materia o nombre geográfico como elemento de entrada Tabaco.
9 (RLIN) 17271
852 4# - LOCALIZACIÓN
Ubicación ES-MaACL
Número de control de estantería T-520-F-1
Nota libre - Enc. hol., conservando cub. original
-- - Enc. en un vol. facticio
-- - Dedicatoria autógrafa del autor
856 4# - LOCALIZACIÓN Y ACCESO ELECTRÓNICOS
Identificador Uniforme de Recursos <a href="http://archive.org/details/eltabaco00gm ">http://archive.org/details/eltabaco00gm </a>
Nota pública Internet Archive
Holdings
Estatus retirado Estado de pérdida Estado de daño No para préstamo Colección Biblioteca de origen Biblioteca actual Ubicación en estantería Fecha de adquisición Total de préstamos Signatura topográfica completa Código de barras Visto por última vez Precio de reemplazo Tipo de ítem Koha
        Colección de folletos Biblioteca del Ateneo de Madrid Biblioteca del Ateneo de Madrid Depósito folletos 17/01/2008   T-520-F-1 1161522 23/02/2023 23/02/2023 Folleto